Normal view
MARC view
- Suwankawin, Surapong.
Entry Personal Name
001 - CONTROL NUMBER
- control field: 60751
003 - CONTROL NUMBER IDENTIFIER
- control field: OSt
005 - DATE AND TIME OF LATEST TRANSACTION
- control field: 20240911170605.0
008 - FIXED-LENGTH DATA ELEMENTS
- fixed length control field: 240911|| aca||aabn | a|a d
040 ## - CATALOGING SOURCE
- Original cataloging agency: OSt
- Transcribing agency: OSt
100 ## - HEADING--PERSONAL NAME
- Personal name: Suwankawin, Surapong.
- Relator term: author.
670 ## - SOURCE DATA FOUND
- Source citation: Work cat.: (OSt): Munphal, Suppasorn. author. 60750, A position-sensorless control of doubly fed induction machine by stator-equation-based adaptive reduced-order observer /, December 2022.
